000 02007nam a2200457 c 4500
999 _c86954
_d86954
003 BLK
005 20240623004102.0
008 180408b bul|||||r ||||||| ||bul||
010 _aKNG00091582000
020 _a978-954-737-768-4
020 _a978-954-337-080-1
040 _aBLK
041 _aBUL
_cBUL
072 7 _2bullib
_aК
_xКраезнание
072 7 _2bullib
_aРА
_xРусенски автори
080 _aБългарска литература
_b821.163.2
_x-4
_z821.163.2-4
080 _aБългарска литература
_b821.163.2
_x(092)
_z821.163.2(092)
080 _aБиографии
_b929
_x(497.2)
_z929(497.2)
100 1 _aПалежев, Йордан Йорданов
_d1940-
_9105744
139 _aПалежев, Йордан Йорданов
_bП 15
245 1 0 _aТихата инквизиция
_bСофийски етюди : Михаил Арнаудов, Константин Константинов, Владимир Полянов, пАтанас Далчев, Борис Делчев, Генко Генков, Стефан Гечев, Васил Иванов, Александър Геров, Радой Ралин, Николай Генчев, Константин Павлов
_cЙордан Йорданов Палежев.
257 _aBGR
260 _bАб
_bАвангард принт
_c2009
_fРусе : Авангард принт
300 _a172 с.
_c21 см
380 _aX
500 _aОфс. изд. - Съдържа и за авт.
650 0 _aПисатели, български
_9241944
650 4 _aПоети, български
_9241945
653 _aбългарски писатели
653 _aбългарски поети
653 _aетюди
659 _aК
852 _aЦб 245480
852 _aК 821.163.2/П 15 Й
856 4 _qpdf
856 4 _qpdf
942 _cKNG
_n0
_01
_s1
944 _aCR
_c25.09.2009
_lCRON CRON
_k
944 _aED
_c13.03.2013
_lф /
999 _d86954